[Event "GER-chT Christmas U16 Lasker"]
[Site "Playchess.com INT"]
[Date "2020.12.28"]
[Round "7.3"]
[White "Genov, Valentin"]
[Black "Glowiak, Maximilian"]
[Result "1-0"]
[WhiteElo "1826"]
[BlackElo "1420"]
[PlyCount "83"]
[EventDate "2020.12.28"]
[EventType "team-swiss (blitz)"]
[EventRounds "7"]
[EventCountry "GER"]
[SourceTitle "CBM 200 Extra"]
[Source "ChessBase"]
[SourceDate "2021.03.31"]
[SourceVersion "1"]
[SourceVersionDate "2021.03.31"]
[SourceQuality "1"]
[WhiteTeam "Hamburger SK II"]
[BlackTeam "Bischofswerda"]
[WhiteTeamCountry "GER"]
[BlackTeamCountry "GER"]

1. d4 d5 2. c4 e6 3. Nc3 Nf6 4. Nf3 c6 5. cxd5 exd5 6. Bg5 Be7 7. Qc2 0-0 8. e3 g6 9. Bd3 Nh5 10. Bh6 Ng7 11. Ne5 Bg5 12. Bxg5 Qxg5 13. f4 Qh4+ 14. g3 Qe7 15. Kf2 Bf5 16. g4 Qh4+ 17. Kf3 Qh3+ 18. Kf2 Bxg4 19. Rag1 Bf5 20. Rg3 Qh4 21. Nf3 Bxd3 22. Qxd3 Qe7 23. Ng5 h6 24. h4 hxg5 25. hxg5 Nh5 26. Rxh5 gxh5 27. g6 f5 28. Qe2 Qh4 29. Kg2 Kg7 30. Rg5 Na6 31. Nb1 Rae8 32. Nd2 Rf6 33. Nf3 Qg4+ 34. Rxg4 hxg4 35. Ne5 Nc7 36. Kg3 Rh8 37. Qd2 Rh3+ 38. Kg2 Rf8 39. Qb4 Re8 40. Qd6 Nb5 41. Qd7+ Kf8 42. Qf7# 1-0

[Event "DSOL 03 Liga Gr-A 1st"]
[Site "Playchess.com INT"]
[Date "2020.07.22"]
[Round "5.4"]
[White "Genov, Valentin"]
[Black "Fischer, Ulrich"]
[Result "1/2-1/2"]
[WhiteElo "1843"]
[BlackElo "1818"]
[PlyCount "51"]
[EventDate "2020.06.22"]
[EventType "team-tourn (rapid)"]
[EventCountry "GER"]
[SourceTitle "EXT 2021"]
[Source "ChessBase"]
[SourceDate "2020.10.23"]
[SourceVersion "1"]
[SourceVersionDate "2020.10.23"]
[SourceQuality "1"]
[WhiteTeam "Hamburger SK III"]
[BlackTeam "Moembris"]
[WhiteTeamCountry "GER"]
[BlackTeamCountry "GER"]

1. d4 d5 2. c4 c6 3. Nc3 Nf6 4. Nf3 dxc4 5. a4 e6 6. e3 c5 7. Bxc4 Nc6 8. 0-0 cxd4 9. exd4 Be7 10. d5 exd5 11. Nxd5 Nxd5 12. Qxd5 Qxd5 13. Bxd5 0-0 14. Re1 Bf6 15. Ng5 Nb4 16. Be4 g6 17. Bd2 Nc6 18. Bxc6 bxc6 19. Rad1 Bf5 20. Rc1 Rac8 21. b4 Rfd8 22. Nf3 Bb2 23. Rc5 Rd5 24. Be3 Rxc5 25. Bxc5 a6 26. Nd4 1/2-1/2

[Event "DSOL 03 Liga Gr-A 1st"]
[Site "Playchess.com INT"]
[Date "2020.07.07"]
[Round "3.3"]
[White "Genov, Valentin"]
[Black "Leitzke, Walter"]
[Result "0-1"]
[WhiteElo "1843"]
[BlackElo "1877"]
[PlyCount "108"]
[EventDate "2020.06.22"]
[EventType "team-tourn (rapid)"]
[EventCountry "GER"]
[SourceTitle "EXT 2021"]
[Source "ChessBase"]
[SourceDate "2020.10.23"]
[SourceVersion "1"]
[SourceVersionDate "2020.10.23"]
[SourceQuality "1"]
[WhiteTeam "Hamburger SK III"]
[BlackTeam "Braunschweig Gliesmarode"]
[WhiteTeamCountry "GER"]
[BlackTeamCountry "GER"]

1. d4 f5 2. c4 Nf6 3. g3 g6 4. Bg2 Bg7 5. Nc3 0-0 6. Nf3 d6 7. 0-0 c6 8. d5 e5 9. dxe6 Bxe6 10. Qd3 Na6 11. Ng5 Re8 12. Nxe6 Rxe6 13. Be3 Nc5 14. Bxc5 dxc5 15. Rad1 Qe7 16. b3 Re8 17. e3 Ng4 18. Rfe1 f4 19. Ne4 f3 20. Bxf3 Ne5 21. Qe2 Nxf3+ 22. Qxf3 Rxe4 23. Rd3 Rd4 24. Red1 Rxd3 25. Rxd3 Rd8 26. Rxd8+ Qxd8 27. Qg4 Qe8 28. h4 h6 29. Kg2 h5 30. Qg5 Bf8 31. f3 Kh7 32. e4 Qe7 33. Qf4 Bg7 34. Qb8 a6 35. Qc8 Be5 36. f4 Bd4 37. e5 Qf7 38. a3 Qe7 39. Kf3 Kg7 40. Ke4 Bc3 41. a4 Ba5 42. f5 gxf5+ 43. Qxf5 Qf7 44. e6 Qxf5+ 45. Kxf5 Bd8 46. Ke5 Be7 47. Kf5 Kh6 48. a5 Kg7 49. g4 hxg4 50. Kxg4 Kg6 51. h5+ Kh6 52. Kf5 Kxh5 53. Kf4 Kg6 54. Ke5 Kg5 0-1

[Event "GER-chT U12"]
[Site "Magdeburg"]
[Date "2018.12.27"]
[Round "2.3"]
[White "Genov, Valentin"]
[Black "Zielke, Ansgar"]
[Result "1-0"]
[WhiteElo "1743"]
[BlackElo "1642"]
[PlyCount "81"]
[EventDate "2018.12.27"]
[EventType "team-swiss"]
[EventRounds "7"]
[EventCountry "GER"]
[SourceTitle "CBM 188 Extra"]
[Source "ChessBase"]
[SourceDate "2019.02.28"]
[SourceVersion "1"]
[SourceVersionDate "2019.02.28"]
[SourceQuality "1"]
[WhiteTeam "Hamburger SK"]
[BlackTeam "Lichtenberg Borussia"]
[WhiteTeamCountry "GER"]
[BlackTeamCountry "GER"]

1. d4 d5 2. c4 c6 3. Nc3 Nf6 4. Nf3 dxc4 5. a4 Bf5 6. e3 e6 7. Bxc4 Bd6 8. 0-0 0-0 9. Re1 Bc7 10. h3 Nbd7 11. e4 Bg6 12. b4 a5 13. b5 Nb6 14. Bd3 Rc8 15. Bg5 Qd7 16. bxc6 bxc6 17. Rc1 h6 18. Bxf6 gxf6 19. Ba6 Ra8 20. Bb7 Bh2+ 21. Nxh2 Qxb7 22. Ng4 Kg7 23. Qd2 Rh8 24. Qf4 Nd7 25. d5 e5 26. Qf3 cxd5 27. Nxd5 Rac8 28. Ndxf6 Rxc1 29. Rxc1 Qb2 30. Rd1 Nxf6 31. Qxf6+ Kh7 32. Qxe5 Qxe5 33. Nxe5 Bxe4 34. Nxf7 Rf8 35. Ne5 Bc2 36. Rd7+ Kg8 37. Ra7 Bxa4 38. Rxa5 Bb3 39. Ng4 Kg7 40. Ra7+ Bf7 41. Ne5 1-0

[Event "Youth District Germany"]
[Site "Wuerzburg"]
[Date "2018.10.05"]
[Round "4.5"]
[White "Zell, Mirjam"]
[Black "Genov, Valentin"]
[Result "0-1"]
[WhiteElo "1797"]
[BlackElo "1756"]
[PlyCount "58"]
[EventDate "2018.10.02"]
[EventType "team-swiss"]
[EventRounds "7"]
[EventCountry "GER"]
[SourceTitle "CBM 186 Extra"]
[Source "ChessBase"]
[SourceDate "2018.08.24"]
[SourceVersion "1"]
[SourceVersionDate "2018.08.24"]
[SourceQuality "1"]
[WhiteTeam "Wuerttemberg U20 II"]
[BlackTeam "Hamburg U20"]
[WhiteTeamCountry "GER"]
[BlackTeamCountry "GER"]

1. e4 c5 2. c4 d6 3. d3 g6 4. Nc3 Nf6 5. g3 Bg7 6. Bg2 Nc6 7. Nge2 0-0 8. 0-0 Ne8 9. Rb1 Nc7 10. a3 a5 11. Be3 Ne6 12. f4 Ned4 13. Bf2 Bg4 14. h3 Bf3 15. Bxf3 Nxf3+ 16. Kg2 Nfd4 17. Nxd4 Nxd4 18. Ne2 Nxe2 19. Qxe2 f5 20. Rfe1 e5 21. fxe5 Bxe5 22. exf5 Rxf5 23. g4 Rf7 24. Bxc5 dxc5 25. Qxe5 Qxd3 26. Qxc5 Qf3+ 27. Kh2 Qf4+ 28. Kg2 Rd8 29. Qe3 Rd2+ 0-1

[Event "Hamburg CC Easter op 4th"]
[Site "Hamburg"]
[Date "2018.04.01"]
[Round "5"]
[White "Christensen, Andreas"]
[Black "Genov, Valentin"]
[Result "1-0"]
[WhiteElo "1838"]
[BlackElo "1750"]
[PlyCount "81"]
[EventDate "2018.03.30"]
[EventType "swiss"]
[EventRounds "7"]
[EventCountry "GER"]
[SourceTitle "CBM 183 Extra"]
[Source "ChessBase"]
[SourceDate "2018.04.19"]
[SourceVersion "1"]
[SourceVersionDate "2018.04.19"]
[SourceQuality "1"]

1. e4 c5 2. Nf3 d6 3. d4 cxd4 4. Nxd4 Nf6 5. Nc3 a6 6. f3 b5 7. Be3 Bb7 8. h4 Nbd7 9. h5 e6 10. g4 Nb6 11. b3 Rc8 12. Qd2 d5 13. Ncxb5 axb5 14. Bxb5+ Nfd7 15. e5 Qc7 16. a4 Ra8 17. Kf2 Nc8 18. g5 Bc5 19. g6 Qxe5 20. gxf7+ Ke7 21. f4 Qc7 22. h6 g6 23. f5 gxf5 24. Rae1 Nd6 25. Bf4 Bxd4+ 26. Qxd4 Qxc2+ 27. Bd2 Ne4+ 28. Rxe4 Qxe4 29. Bb4+ Kd8 30. Qxh8+ Kc7 31. Qc3+ Kd8 32. f8Q+ Nxf8 33. Qf6+ Kc7 34. Qe7+ Kc8 35. Qxf8+ Kc7 36. Qe7+ Kc8 37. Qd7+ Kb8 38. Qd8+ Bc8 39. Qb6+ Bb7 40. Bd6+ Kc8 41. Qc7# 1-0

[Event "EU Union-ch U10"]
[Site "Kouty nad Desnou"]
[Date "2016.08.13"]
[Round "8"]
[White "Salgovic, Simon"]
[Black "Genov, Valentin"]
[Result "0-1"]
[WhiteElo "1579"]
[BlackElo "1713"]
[PlyCount "84"]
[EventDate "2016.08.06"]
[EventType "swiss"]
[EventRounds "9"]
[EventCountry "CZE"]
[SourceTitle "CBM 174 Extra"]
[Source "ChessBase"]
[SourceDate "2016.10.10"]
[SourceVersion "1"]
[SourceVersionDate "2016.10.10"]
[SourceQuality "1"]

1. e4 c5 2. Nf3 d6 3. d4 cxd4 4. Nxd4 Nf6 5. Nc3 a6 6. Bc4 e6 7. 0-0 b5 8. Bd3 Bb7 9. a3 Nbd7 10. f4 Be7 11. Re1 0-0 12. e5 dxe5 13. fxe5 Nxe5 14. Bxh7+ Nxh7 15. Rxe5 Bf6 16. Re1 Qxd4+ 17. Be3 Qxd1 18. Raxd1 Bxc3 19. bxc3 Rfd8 20. Bd4 Nf6 21. Re3 Ne4 22. Rf1 f6 23. Rfe1 e5 24. Bb6 Rd2 25. R3e2 Rxe2 26. Rxe2 Nxc3 27. Rd2 Nd5 28. Ba5 Rc8 29. Kf2 e4 30. Ke2 e3 31. Rd1 Rxc2+ 32. Kd3 Rxg2 33. Bb4 e2 34. Re1 Nxb4+ 35. axb4 Bf3 36. Ke3 Bh5 37. h3 Rg3+ 38. Kf2 Rxh3 39. Kg2 Rd3 40. Kg1 Rd1 41. Kf2 f5 42. Rxe2 Bxe2 0-1

[Event "EU Union-ch U10"]
[Site "Kouty nad Desnou"]
[Date "2016.08.06"]
[Round "1"]
[White "Genov, Valentin"]
[Black "Poluektova, Arina"]
[Result "1-0"]
[WhiteElo "1713"]
[BlackElo "1341"]
[PlyCount "85"]
[EventDate "2016.08.06"]
[EventType "swiss"]
[EventRounds "9"]
[EventCountry "CZE"]
[SourceTitle "CBM 174 Extra"]
[Source "ChessBase"]
[SourceDate "2016.10.10"]
[SourceVersion "1"]
[SourceVersionDate "2016.10.10"]
[SourceQuality "1"]

1. d4 d5 2. c4 c6 3. Nc3 Nf6 4. Nf3 e6 5. Bg5 Be7 6. e3 Nbd7 7. Qc2 h6 8. Bh4 b6 9. cxd5 exd5 10. Bd3 Qc7 11. Bg3 Bd6 12. Nb5 cxb5 13. Qxc7 Bxc7 14. Bxc7 a6 15. 0-0 Ra7 16. Bd6 Ra8 17. Rac1 Kd8 18. Ne5 Nxe5 19. Bxe5 Ke7 20. Bxf6+ gxf6 21. Rc7+ Bd7 22. Bf5 Rhd8 23. Rfc1 Rab8 24. R1c6 a5 25. g3 b4 26. Rxd7+ Rxd7 27. Bxd7 Kxd7 28. Rxf6 Ke7 29. Rxh6 Rb7 30. h4 Rb8 31. h5 f6 32. Rh7+ Ke6 33. h6 Kf5 34. Rg7 Rh8 35. h7 Ke6 36. Kh2 Kf5 37. Kh3 Ke4 38. Kg4 Kd3 39. Rc7 Ke4 40. Kh5 Kf5 41. Kh6 Ke6 42. Kg7 Rd8 43. Rc6+ 1-0

[Event "Kyustendil Osogovo Cup 2nd"]
[Site "Kyustendil"]
[Date "2016.07.07"]
[Round "1.1"]
[White "Zrmanovska, Mihaela"]
[Black "Genov, Valentin"]
[Result "0-1"]
[WhiteElo "1076"]
[BlackElo "1685"]
[PlyCount "112"]
[EventDate "2016.07.07"]
[EventType "swiss"]
[EventRounds "7"]
[EventCountry "BUL"]
[SourceTitle "EXT 2024"]
[Source "ChessBase"]
[SourceDate "2023.10.10"]
[SourceVersion "1"]
[SourceVersionDate "2023.10.10"]
[SourceQuality "1"]

1. e4 c5 2. Nf3 d6 3. Nc3 Nf6 4. d4 cxd4 5. Nxd4 g6 6. Bb5+ Bd7 7. Bxd7+ Qxd7 8. Bf4 Nc6 9. Nf3 Bg7 10. Qe2 0-0 11. 0-0-0 Qc7 12. Rd3 Nh5 13. Bg5 h6 14. Be3 Nb4 15. Nd5 Nxd3+ 16. Qxd3 Qd8 17. Qd2 e6 18. Nf4 Nf6 19. Ne2 Nxe4 20. Qd3 d5 21. Ng3 Qa5 22. a3 Qa4 23. Nd2 Nxd2 24. Qxd2 Rac8 25. h4 h5 26. Ne2 Rfd8 27. Nd4 e5 28. Nb3 Qxb3 29. Kb1 Qa4 30. Bg5 f6 31. Bh6 Bxh6 32. Qxh6 Qxc2+ 33. Ka1 Rc6 34. Rb1 Rdc8 35. Ka2 Ra6 36. Qe3 Rcc6 37. Qb3 Qxb3+ 38. Kxb3 Rab6+ 39. Ka2 Rc2 40. Ka1 Rxf2 41. g3 Rc6 42. Rd1 d4 43. Kb1 Rcc2 44. Ka2 Rxb2+ 45. Ka1 Rb3 46. a4 Ra3+ 47. Kb1 Rfa2 48. Rf1 Ra1+ 49. Kb2 R3a2+ 50. Kb3 Ra3+ 51. Kb2 Rxf1 52. Kxa3 d3 53. Kb2 d2 54. Kc2 d1Q+ 55. Kb2 Rf2+ 56. Ka3 Qb1 0-1

[Event "Primorsko Dyuni op 1st"]
[Site "Primorsko"]
[Date "2016.05.23"]
[Round "6"]
[White "Radeva, Viktoria"]
[Black "Genov, Valentin"]
[Result "1-0"]
[WhiteElo "2121"]
[BlackElo "1519"]
[PlyCount "55"]
[EventDate "2016.05.21"]
[EventType "swiss"]
[EventRounds "7"]
[EventCountry "BUL"]
[SourceTitle "CBM 172 Extra"]
[Source "ChessBase"]
[SourceDate "2016.06.21"]
[SourceVersion "1"]
[SourceVersionDate "2016.06.21"]
[SourceQuality "1"]

1. Nf3 Nf6 2. g3 g6 3. Bg2 Bg7 4. 0-0 0-0 5. d3 c5 6. e4 d6 7. Nc3 Nc6 8. Nd2 Bd7 9. h3 Rb8 10. f4 b5 11. Ne2 a5 12. f5 Ne5 13. g4 g5 14. Nf3 Nxf3+ 15. Bxf3 h6 16. h4 gxh4 17. Qe1 Nh7 18. Qxh4 Ng5 19. Bxg5 hxg5 20. Qxg5 f6 21. Qh4 Rf7 22. Kg2 e5 23. fxe6 Bxe6 24. Nf4 Qe8 25. Rh1 Ra7 26. Qh7+ Kf7 27. g5 Qh8 28. Qg6+ 1-0

[Event "Sofia MGU op 164th"]
[Site "Sofia"]
[Date "2016.03.06"]
[Round "6"]
[White "Petrov, Stanislav"]
[Black "Genov, Valentin"]
[Result "1-0"]
[WhiteElo "1754"]
[BlackElo "1595"]
[PlyCount "97"]
[EventDate "2016.03.05"]
[EventType "swiss"]
[EventRounds "6"]
[EventCountry "BUL"]
[SourceTitle "CBM 171 Extra"]
[Source "ChessBase"]
[SourceDate "2016.04.26"]
[SourceVersion "1"]
[SourceVersionDate "2016.04.26"]
[SourceQuality "1"]

1. e4 c5 2. Nf3 d6 3. d4 cxd4 4. Nxd4 Nf6 5. Nc3 g6 6. Be2 Bg7 7. Be3 Nc6 8. Qd2 0-0 9. 0-0-0 Bd7 10. h4 Rc8 11. h5 Ne5 12. hxg6 fxg6 13. f3 Nc4 14. Bxc4+ Rxc4 15. g4 Qa5 16. Bh6 Rf7 17. Bxg7 Rxg7 18. g5 Ne8 19. f4 e6 20. Rh6 d5 21. Nb3 Qc7 22. e5 b5 23. Ne2 a5 24. Nbd4 b4 25. b3 Rc3 26. Kb1 Qc5 27. Nxc3 bxc3 28. Qe1 Bc8 29. Rh3 Rc7 30. Ne2 Qb4 31. Rxc3 Rxc3 32. Qxc3 Qxc3 33. Nxc3 Ng7 34. Ne2 Nf5 35. Kb2 Kf7 36. Nd4 Ke7 37. Nc6+ Ke8 38. Nxa5 Bd7 39. Rh1 Ne3 40. Rxh7 Ng2 41. Nb7 Nxf4 42. a4 Ne2 43. a5 Nd4 44. a6 Nc6 45. c3 Na7 46. Rg7 Nc6 47. Rxg6 Kf7 48. Rf6+ Kg7 49. Nc5 1-0

[Event "Sofia MGU op 162nd"]
[Site "Sofia"]
[Date "2016.02.14"]
[Round "4"]
[White "Genov, Valentin"]
[Black "Metev, Martin"]
[Result "1-0"]
[WhiteElo "1517"]
[BlackElo "2064"]
[PlyCount "115"]
[EventDate "2016.02.13"]
[EventType "swiss"]
[EventRounds "6"]
[EventCountry "BUL"]
[SourceTitle "CBM 170 Extra"]
[Source "ChessBase"]
[SourceDate "2016.02.25"]
[SourceVersion "1"]
[SourceVersionDate "2016.02.25"]
[SourceQuality "1"]

1. d4 e6 2. c4 d5 3. Nc3 Nf6 4. Nf3 c6 5. Bg5 h6 6. Bh4 g5 7. Bg3 dxc4 8. e3 b5 9. a4 Nd5 10. Be2 Nxc3 11. bxc3 Bb7 12. 0-0 a6 13. Ne5 Bg7 14. Bh5 0-0 15. f4 Nd7 16. Nxd7 Qxd7 17. fxg5 hxg5 18. Qg4 Qe7 19. Qe2 e5 20. Qd2 c5 21. d5 e4 22. d6 Qe6 23. axb5 axb5 24. Rxa8 Bxa8 25. d7 Bf6 26. Rxf6 Qxf6 27. Bc7 Rd8 28. Bxd8 Qxd8 29. Qd6 b4 30. Bg4 bxc3 31. Qxc5 c2 32. Qxc4 Qa5 33. h3 Qd2 34. Qxc2 Qxc2 35. d8Q+ Kg7 36. Qxg5+ Kf8 37. Qd8+ Kg7 38. Qxa8 Qc1+ 39. Kf2 Qb2+ 40. Be2 Qf6+ 41. Ke1 Qc3+ 42. Kf2 Qf6+ 43. Kg1 Qb2 44. Bf1 Qe5 45. Qa4 Kg6 46. Qd4 Qe7 47. Kh2 f5 48. g3 Qc7 49. Bg2 Qc6 50. Qe5 Qc1 51. Qe6+ Kg5 52. h4+ Kh5 53. Qxf5+ Kh6 54. Qxe4 Kg7 55. Qd4+ Kh6 56. e4 Kh5 57. Qf6 Qd2 58. Qg5+ 1-0

[Event "Sofia MGU op 162nd"]
[Site "Sofia"]
[Date "2016.02.13"]
[Round "3"]
[White "Andreev, Dobrotich"]
[Black "Genov, Valentin"]
[Result "0-1"]
[WhiteElo "1890"]
[BlackElo "1517"]
[PlyCount "48"]
[EventDate "2016.02.13"]
[EventType "swiss"]
[EventRounds "6"]
[EventCountry "BUL"]
[SourceTitle "CBM 170 Extra"]
[Source "ChessBase"]
[SourceDate "2016.02.25"]
[SourceVersion "1"]
[SourceVersionDate "2016.02.25"]
[SourceQuality "1"]

1. e4 c5 2. Nf3 d6 3. d4 cxd4 4. Nxd4 Nf6 5. Nc3 g6 6. Be3 Bg7 7. f3 0-0 8. Qd2 Nc6 9. g4 a6 10. h4 e6 11. 0-0-0 d5 12. Kb1 Re8 13. Nxc6 bxc6 14. e5 Nd7 15. f4 c5 16. Bg2 Rb8 17. Bf2 Qc7 18. h5 Nb6 19. Bf1 Bb7 20. hxg6 fxg6 21. Re1 d4 22. Ne4 Bxe4 23. Rxe4 Qb7 24. Qe2 Na4 0-1

[Event "Sofia MGU op 162nd"]
[Site "Sofia"]
[Date "2016.02.13"]
[Round "1"]
[White "Slavejkov, Anton"]
[Black "Genov, Valentin"]
[Result "1/2-1/2"]
[WhiteElo "1819"]
[BlackElo "1517"]
[PlyCount "62"]
[EventDate "2016.02.13"]
[EventType "swiss"]
[EventRounds "6"]
[EventCountry "BUL"]
[SourceTitle "CBM 170 Extra"]
[Source "ChessBase"]
[SourceDate "2016.02.25"]
[SourceVersion "1"]
[SourceVersionDate "2016.02.25"]
[SourceQuality "1"]

1. e4 c5 2. Nf3 d6 3. d4 cxd4 4. Nxd4 Nf6 5. Nc3 g6 6. f3 Bg7 7. Be3 Nc6 8. Bc4 Bd7 9. Qd2 0-0 10. 0-0-0 Rc8 11. Bb3 Ne5 12. h4 Nc4 13. Bxc4 Rxc4 14. h5 Qa5 15. hxg6 fxg6 16. Bh6 Bh8 17. Nb3 Qc7 18. Bxf8 Kxf8 19. Rxh7 Nxh7 20. Rh1 Bxc3 21. bxc3 Nf6 22. Rh8+ Kf7 23. Qh6 Ba4 24. Rf8+ Ke6 25. Qxg6 Kd7 26. Qf5+ Kc6 27. Na5+ Kb6 28. Nxc4+ Qxc4 29. e5 Qxc3 30. exf6 Qe1+ 31. Kb2 Qb4+ 1/2-1/2

[Event "Tri Buki Children's CupT 1st"]
[Site "Tri Buki"]
[Date "2016.02.05"]
[Round "2.3"]
[White "Risteski, Emil"]
[Black "Genov, Valentin"]
[Result "1/2-1/2"]
[WhiteElo "1658"]
[BlackElo "1517"]
[PlyCount "29"]
[EventDate "2016.02.04"]
[EventType "team-swiss"]
[EventRounds "6"]
[EventCountry "BUL"]
[SourceTitle "CBM 170 Extra"]
[Source "ChessBase"]
[SourceDate "2016.02.25"]
[SourceVersion "1"]
[SourceVersionDate "2016.02.25"]
[SourceQuality "1"]

1. e4 c5 2. Nf3 d6 3. d4 cxd4 4. Nxd4 Nf6 5. Nc3 a6 6. h3 e6 7. g4 b5 8. a3 Bb7 9. Bg2 Nfd7 10. 0-0 Nb6 11. Re1 N8d7 12. Nf3 Be7 13. Nh2 Qc7 14. Bf4 Rd8 15. Bg3 1/2-1/2